| 000 | 00688nam a2200205 u 4500 | ||
|---|---|---|---|
| 005 | 20250826063913.0 | ||
| 008 | 130827s2009 ag r 000 0 spa d | ||
| 020 | _a9789876490047 | ||
| 035 | _aUPN01000192466 | ||
| 049 | _aCG | ||
| 050 | 4 |
_aRC537 _bS9.2 |
|
| 100 | 1 |
_aSuárez Richards, Manuel _934256 |
|
| 245 | 1 | 3 |
_aLa depresión en la vida diaria : _bguía práctica destinada al médico general para su detección, diagnóstico y tratamiento / _cManuel Suárez Richards, Silvana Pujol. |
| 260 |
_aBuenos Aires : _bPolemos, _c2009. |
||
| 300 |
_a111 p. : _bgráfs. |
||
| 650 | 2 |
_aDepresión mental _97508 |
|
| 700 | 1 |
_aPujol, Silvana, _ecoaut. |
|
| 905 | _aLibro | ||
| 999 |
_c164568 _d164568 |
||